000 00539nam a2200217Ia 4500
003 0100
008 130227s9999 xx 000 0 und d
020 _a0415249589
040 _cARRUPELIB
050 _aLB3051.W675 2001
100 _aWragg, Edward Conrad
245 _aAssessment and learning in the secondary school
260 _aLondon
260 _bRoutledge/Falmer
260 _C2001
300 _aviii
300 _b 88p 24cm
440 _aSuccessful teaching series
650 _bKnowledge, Theory of
942 _2lcc
_01
999 _c3989
_d3989